| 000 | 00579nam a2200217Ia 4500 | ||
|---|---|---|---|
| 003 | OSt | ||
| 005 | 20220516122220.0 | ||
| 008 | 210210b2008 xxu||||| |||| 00| 0 eng d | ||
| 040 |
_aAL _c |
||
| 041 | _aeng | ||
| 082 | _a657.46 RAOB | ||
| 100 |
_aRAO (Sadashiva K) _937262 |
||
| 245 | _aBusiness taxation I and II: income tax 2008-09: for III and IV sem B Com and IV sem BBM | ||
| 250 | _a22 Rev. | ||
| 260 |
_aUdupi _bSushrutha Books _c2008 |
||
| 300 | _a344 | ||
| 650 |
_ataxation _937263 |
||
| 690 |
_aBusiness Taxation _937264 |
||
| 906 | _a062691 | ||
| 942 |
_2ddc _cBK |
||
| 999 |
_c129772 _d129772 |
||